000 00655nam a2200229Ii 4500
003 JO-AjNU
008 230605s9999||||xx |||||||||||||| ||und||
017 _a2004/5/1218
020 _a9957-02-152-4
040 _aJO-AjNU
_bara
_erda
_cJO-AjNU
041 _aara
050 1 4 _aPJ7846.A112.W55 2004
100 3 _aتأليف مدانات،أوجيني ,
_eauthor
_916808
245 0 0 _aوجدانيات
250 _aط1
264 3 1 _aعمان:دار مجدلاوي،2004
300 _a72ص
336 _atext
_btxt
_2rdacontent
337 _aunmediated
_bn
_2rdamedia
338 _avolume
_bnc
_2rdacarrier
650 4 _aالأدب العربي
_916809
999 _aA5064
_c8632
_d8632